01353nab a2200325uuc450000100070000000500170000700800410002403500110006503500210007604000130009704100080011010000500011824501200016826000100028865000310029865000420032965000550037165000260042665000210045270000530047370000470052670000450057370000520061870000450067070000440071570000490075977301900080894200100099899900190100896222420240201202824.0060206e20050501 spa  a962224 a(OCoLC)820343524 ccomduadb aspa10aMoncayo Ortiz, Jose Ignacio4auteaut952949210aPrevalencia de Helicobacter pylori en estudiantes con sintomas dispepticos de la Universidad Tecnologica de Pereira c2005. aHelicobacter pylori951365 aDiagnóstico microbiológico949852 aPCR (Reacción en cadena de la polimerasa)973793 aHistopatologia947909 aDispepsia92116010aSantacruz Ibarra, Jorge Javier4auteaut937681110aAlvarez Aldana, Ada Lucy4auteaut941501410aFranco Ospina, Beatriz4auteaut936017010aLopez Barrero, Manuel Alfonso4auteaut941835010aCano Giraldo, Solangel4auteaut941834910aValencia Yepes, Sonia4auteaut955175510aSerrano Lopez, Herman Jose4auteaut95001110 tRevista Médica de Risaralda : Órgano de la Facultad de Medicina de la Universidad Tecnológica de Pereira (Pereira)gVol. 11, No. 01, May. 2005, p. 17-25w481600x0122-06670125641 cARIMP c379396d379396